Adivasi sahitya: (Record no. 71767)

000 -LEADER
fixed length control field 00472nam a22001577a 4500
020 ## - INTERNATIONAL STANDARD BOOK NUMBER
International Standard Book Number 9789382485575
082 ## - DEWEY DECIMAL CLASSIFICATION NUMBER
Classification number H 809.892 069 4
Item number FIR/A
245 ## - TITLE STATEMENT
Title Adivasi sahitya:
Remainder of title dasha evam disha/
Statement of responsibility, etc. by Firoz Khan (ed.) and Shaguphtha Niyas (ed.)
260 ## - PUBLICATION, DISTRIBUTION, ETC.
Place of publication, distribution, etc. Aligat:
Name of publisher, distributor, etc. Vagmay Books,
Date of publication, distribution, etc. 2015.
300 ## - PHYSICAL DESCRIPTION
Extent 200p.
650 ## - SUBJECT ADDED ENTRY--TOPICAL TERM
Topical term or geographic name entry element Dalit Literature
9 (RLIN) 47191
650 ## - SUBJECT ADDED ENTRY--TOPICAL TERM
Topical term or geographic name entry element Literature
9 (RLIN) 47192
700 ## - ADDED ENTRY--PERSONAL NAME
Personal name Firoz Khan (ed.)
9 (RLIN) 47193
700 ## - ADDED ENTRY--PERSONAL NAME
Personal name Shaguphtha Niyas (ed.)
9 (RLIN) 47194
942 ## - ADDED ENTRY ELEMENTS (KOHA)
Koha item type Book
Holdings
Withdrawn status Lost status Damaged status Not for loan Permanent Location Current Location Shelving location Date acquired Cost, normal purchase price Total Checkouts Full call number Barcode Date last seen Date last checked out Price effective from Koha item type
        Sree Sankaracharya University of Sanskrit Sree Sankaracharya University of Sanskrit Stacks 29.05.2018 600.00 5 H 809.892 069 4 FIR/A 089372 17.03.2025 27.02.2025 29.05.2018 Book